Novely zákonov o spotrebných daniach

Zákon č. 243/2003 Z.z., ktorým sa dopĺňa zákon č. 312/1993 Z.z. o spotrebnej dani z tabaku a tabakových výrobkov v znení neskorších predpisov - účinnosť zákona je od 1. augusta 2003.

Gespeichert in:
Bibliographische Detailangaben
1. Verfasser: Kolín, Jiří
Format: Buchkapitel
Sprache:Slowakisch
Schlagworte:
Tags: Tag hinzufügen
Keine Tags, Fügen Sie das erste Tag hinzu!

MARC

LEADER 00000naa$a2200000$$$4500
001 0003570
005 20231003104955.5
041 0 |a slo 
044 |a SK 
245 1 0 |a Novely zákonov o spotrebných daniach  |c aut. Jiří Kolín 
520 |a Zákon č. 243/2003 Z.z., ktorým sa dopĺňa zákon č. 312/1993 Z.z. o spotrebnej dani z tabaku a tabakových výrobkov v znení neskorších predpisov - účinnosť zákona je od 1. augusta 2003. 
610 2 0 |a novelizácia 
610 2 0 |a zákony 
610 2 0 |a dane spotrebné 
610 2 0 |a tabak 
610 2 0 |a výrobky tabakové 
610 2 0 |a 2003 
100 1 |a Kolín, Jiří